Normal view MARC view
  • Kuala Lumpur

Entry Geographic Name

Number of records used in: 1

001 - CONTROL NUMBER

  • control field: 8250

003 - CONTROL NUMBER IDENTIFIER

  • control field: OSt

005 - DATE AND TIME OF LATEST TRANSACTION

  • control field: 20170525152136.0

008 - FIXED-LENGTH DATA ELEMENTS

  • fixed length control field: 170525|| aca||aabn | a|a d

040 ## - CATALOGING SOURCE

  • Original cataloging agency: OSt
  • Transcribing agency: OSt

151 ## - HEADING--GEOGRAPHIC NAME

  • Geographic name: Kuala Lumpur
  • General subdivision: History

670 ## - SOURCE DATA FOUND

  • Source citation: Work cat.: (OSt)0: Gullick, J.M. (John Michael), 1916- 8249, The story of early Kuala Lumpur /, 1956
Pusat Sumber Maklumat Dato' Haji Sarmin Md Hussin, Akademi Kastam Diraja Malaysia, Melaka
Tel: 06-2331106 | Faks: 06-2313787